[Event "MVP-ch Seniors op 11th"]
[Site "Binz"]
[Date "2011.12.06"]
[Round "7.12"]
[White "Lieb, Harald"]
[Black "Lewald, Stephan"]
[Result "1-0"]
[WhiteElo "2054"]
[BlackElo "1884"]
[PlyCount "55"]
[EventDate "2011.11.30"]
[EventType "swiss"]
[EventRounds "9"]
[EventCountry "GER"]
[SourceTitle "EXT 2013"]
[Source "ChessBase"]
[SourceDate "2012.11.22"]
[SourceVersion "1"]
[SourceVersionDate "2012.11.22"]
[SourceQuality "1"]

1. d4 g6 2. c4 Bg7 3. Nc3 d6 4. e4 Nf6 5. Be2 0-0 6. Bg5 Na6 7. Qd2 Qe8 8. h4 e5 9. d5 Nc5 10. f3 a5 11. g4 Bd7 12. h5 Na4 13. Bh6 Nxc3 14. bxc3 Qe7 15. Bd3 Rfd8 16. Ne2 Bh8 17. Ng3 Bxg4 18. fxg4 Nxg4 19. Bg5 Bf6 20. Bxf6 Qxf6 21. 0-0-0 Qf2 22. Rdg1 Qc5 23. hxg6 fxg6 24. Nf5 Nf2 25. Ne7+ Kf8 26. Rf1 Kxe7 27. Rxh7+ Ke8 28. Rxf2 1-0

[Event "MVP-ch Seniors op 11th"]
[Site "Binz"]
[Date "2011.12.04"]
[Round "5.10"]
[White "Lieb, Harald"]
[Black "Reinemann, Guenter"]
[Result "1-0"]
[WhiteElo "2054"]
[BlackElo "1852"]
[PlyCount "62"]
[EventDate "2011.11.30"]
[EventType "swiss"]
[EventRounds "9"]
[EventCountry "GER"]
[SourceTitle "EXT 2013"]
[Source "ChessBase"]
[SourceDate "2012.11.22"]
[SourceVersion "1"]
[SourceVersionDate "2012.11.22"]
[SourceQuality "1"]

1. d4 f5 2. g3 Nf6 3. Bg2 g6 4. Nf3 Bg7 5. 0-0 d6 6. c4 0-0 7. Nc3 Nc6 8. d5 Ne5 9. b3 Nxf3+ 10. exf3 e5 11. dxe6 Bxe6 12. Bb2 Qd7 13. f4 c6 14. Qd2 Rad8 15. Rad1 d5 16. cxd5 Nxd5 17. Ne2 Bxb2 18. Qxb2 Qc7 19. Nd4 Bf7 20. Nf3 Qa5 21. Ne5 Qc3 22. Qa3 a5 23. Rd3 Qb4 24. Qb2 Qb6 25. Rfd1 Nb4 26. Rd7 Nd5 27. Bf1 a4 28. Bc4 axb3 29. Bxb3 Qb4 30. Rxf7 Rxf7 31. Nxf7 Kxf7 1-0

[Event "Bad Woerishofen op 27th"]
[Site "Bad Woerishofen"]
[Date "2011.03.25"]
[Round "2"]
[White "Tiviakov, Sergei"]
[Black "Lieb, Harald"]
[Result "1-0"]
[WhiteElo "2624"]
[BlackElo "2239"]
[PlyCount "53"]
[EventDate "2011.03.24"]
[EventType "swiss"]
[EventRounds "9"]
[EventCountry "GER"]
[SourceTitle "EXT 2012"]
[Source "ChessBase"]
[SourceDate "2011.11.24"]
[SourceVersion "1"]
[SourceVersionDate "2011.11.24"]
[SourceQuality "1"]

1. e4 e6 2. d4 d5 3. Nd2 Nf6 4. e5 Nfd7 5. c3 c5 6. Bd3 Nc6 7. Ne2 cxd4 8. cxd4 Nb6 9. 0-0 Bd7 10. f4 g6 11. Nf3 h5 12. Kh1 a5 13. a3 a4 14. Nc3 Na5 15. Bc2 Nac4 16. Ng5 Qc8 17. Rf3 Be7 18. Rh3 Rf8 19. Nxf7 Kxf7 20. Bxg6+ Kg7 21. Bxh5 Rg8 22. f5 exf5 23. Rg3+ Kh8 24. Bg6 Rg7 25. Qh5+ Kg8 26. Bf7+ Kf8 27. Qh8+ 1-0

[Event "BL2-Nord 1011"]
[Site "Germany"]
[Date "2010.10.24"]
[Round "2.8"]
[White "Foerster, Jonas"]
[Black "Lieb, Harald"]
[Result "1-0"]
[WhiteElo "2200"]
[BlackElo "2235"]
[PlyCount "49"]
[EventDate "2010.10.10"]
[EventType "team-tourn"]
[EventRounds "9"]
[EventCountry "GER"]
[SourceTitle "EXT 2012"]
[Source "ChessBase"]
[SourceDate "2011.11.24"]
[SourceVersion "1"]
[SourceVersionDate "2011.11.24"]
[SourceQuality "1"]
[WhiteTeam "Rostock SSC 07"]
[BlackTeam "Zehlendorf"]
[WhiteTeamCountry "GER"]
[BlackTeamCountry "GER"]

1. d4 Nf6 2. Nf3 d5 3. c4 c6 4. Nc3 dxc4 5. a4 Bf5 6. Nh4 Be6 7. e4 g6 8. Nf3 Na6 9. Ng5 Nc7 10. Bf4 Bg4 11. f3 Ne6 12. Nxf7 Kxf7 13. Bxc4 Ke8 14. Be5 Bg7 15. fxg4 Qd7 16. 0-0 Rf8 17. d5 Nd8 18. g5 Nh5 19. Rxf8+ Bxf8 20. Qf3 e6 21. Rf1 Bc5+ 22. Kh1 Qe7 23. g4 Ng7 24. Qf6 Qxf6 25. gxf6 1-0

[Event "GER-ch Seniors 22nd"]
[Site "Berlin"]
[Date "2010.08.20"]
[Round "5"]
[White "Shapiro, Yosip"]
[Black "Lieb, Harald"]
[Result "0-1"]
[WhiteElo "1998"]
[BlackElo "2153"]
[PlyCount "90"]
[EventDate "2010.08.16"]
[EventType "swiss"]
[EventRounds "9"]
[EventCountry "GER"]
[SourceTitle "CBM 138 Extra"]
[Source "ChessBase"]
[SourceDate "2010.10.29"]
[SourceVersion "1"]
[SourceVersionDate "2010.10.29"]
[SourceQuality "1"]

1. Nf3 Nf6 2. c4 g6 3. Nc3 Bg7 4. g3 0-0 5. Bg2 d6 6. d4 Nc6 7. d5 Na5 8. b3 c5 9. Bb2 a6 10. 0-0 Bd7 11. Nd2 b5 12. cxb5 axb5 13. Qc2 Rc8 14. h3 Re8 15. Rad1 b4 16. Nce4 Nxd5 17. Bxg7 Kxg7 18. Qb2+ f6 19. Nxd6 exd6 20. Bxd5 Bxh3 21. Rfe1 Be6 22. Nf3 Nc6 23. Qd2 Bg4 24. Nh2 Bf5 25. Bc4 Be6 26. Qxd6 Bxc4 27. bxc4 Qxd6 28. Rxd6 Ne5 29. f4 Nf7 30. Rd7 Re4 31. Kf2 Rce8 32. Ng4 h5 33. Nh6 Kxh6 34. Rxf7 f5 35. e3 Rxc4 36. Rd1 Rc2+ 37. Kf1 h4 38. Rdd7 Kh5 39. gxh4 Kg4 40. Rfe7 Rxe7 41. Rxe7 Rxa2 42. Rb7 Kf3 43. Ke1 Kxe3 44. Kd1 Kd3 45. Rd7+ Kc3 0-1

[Event "GER-ch Seniors 22nd"]
[Site "Berlin"]
[Date "2010.08.19"]
[Round "4"]
[White "Lieb, Harald"]
[Black "Dahlhaus, Friedhelm"]
[Result "1/2-1/2"]
[WhiteElo "2153"]
[BlackElo "2010"]
[PlyCount "44"]
[EventDate "2010.08.16"]
[EventType "swiss"]
[EventRounds "9"]
[EventCountry "GER"]
[SourceTitle "CBM 138 Extra"]
[Source "ChessBase"]
[SourceDate "2010.10.29"]
[SourceVersion "1"]
[SourceVersionDate "2010.10.29"]
[SourceQuality "1"]

1. d4 Nf6 2. c4 e6 3. Nf3 b6 4. g3 Bb7 5. Bg2 Be7 6. Nc3 d5 7. cxd5 exd5 8. 0-0 0-0 9. Bf4 c6 10. Rc1 Nbd7 11. Qc2 Re8 12. Nh4 Nh5 13. Nf5 Nxf4 14. Nxe7+ Qxe7 15. gxf4 Qh4 16. e3 Ba6 17. Rfe1 Nf6 18. h3 Bc8 19. Kh2 Ng4+ 20. Kg1 Nf6 21. Kh2 Ng4+ 22. Kg1 Nf6 1/2-1/2

[Event "GER-ch Seniors 22nd"]
[Site "Berlin"]
[Date "2010.08.16"]
[Round "1"]
[White "Hellwege, Werner"]
[Black "Lieb, Harald"]
[Result "1/2-1/2"]
[WhiteElo "1773"]
[BlackElo "2153"]
[PlyCount "88"]
[EventDate "2010.08.16"]
[EventType "swiss"]
[EventRounds "9"]
[EventCountry "GER"]
[SourceTitle "CBM 138 Extra"]
[Source "ChessBase"]
[SourceDate "2010.10.29"]
[SourceVersion "1"]
[SourceVersionDate "2010.10.29"]
[SourceQuality "1"]

1. d4 Nf6 2. Nf3 d5 3. g3 c6 4. Bg2 Bf5 5. 0-0 e6 6. c4 dxc4 7. Ne5 Be4 8. f3 Bxb1 9. Rxb1 Nbd7 10. Nxc4 c5 11. e3 cxd4 12. Qxd4 Bc5 13. Nd6+ Ke7 14. Nxb7 Bxd4 15. Nxd8 Bxe3+ 16. Bxe3 Rhxd8 17. Rfd1 Nd5 18. Bf2 N7b6 19. f4 Rac8 20. Rbc1 Nc4 21. Bxd5 exd5 22. Bd4 f6 23. Re1+ Kf7 24. Rc2 Nb6 25. Rec1 Rxc2 26. Rxc2 Ke6 27. Kf2 Rd7 28. b3 Rb7 29. Ke3 Kd7 30. Bc5 Na8 31. Kd4 Nc7 32. Re2 Kc6 33. b4 a5 34. Kc3 axb4+ 35. Bxb4 h5 36. f5 d4+ 37. Kc4 d3 38. Rd2 Rb5 39. Bf8 Rxf5 40. Kxd3 g5 41. Rc2+ Kb6 42. Rb2+ Kc6 43. Rc2+ Kb6 44. Rb2+ Kc6 1/2-1/2

[Event "Mecklenburg VP-ch Seniors op 09th"]
[Site "Binz"]
[Date "2009.12.07"]
[Round "7.4"]
[White "Klages, Hans Juergen"]
[Black "Lieb, Harald"]
[Result "0-1"]
[WhiteElo "2027"]
[BlackElo "2175"]
[PlyCount "72"]
[EventDate "2009.12.01"]
[EventType "swiss"]
[EventRounds "9"]
[EventCountry "GER"]
[SourceTitle "EXT 2022"]
[Source "ChessBase"]
[SourceDate "2021.10.06"]
[SourceVersion "1"]
[SourceVersionDate "2021.10.06"]
[SourceQuality "1"]

1. c4 Nf6 2. Nc3 e5 3. d3 Nc6 4. g3 d5 5. cxd5 Nxd5 6. Bg2 Be6 7. Nf3 f6 8. 0-0 Qd7 9. d4 Nxc3 10. bxc3 e4 11. Nd2 f5 12. f3 Nxd4 13. fxe4 0-0-0 14. e3 Nb5 15. exf5 Bd5 16. Qc2 Bxg2 17. Kxg2 Qc6+ 18. Nf3 Qxc3 19. Qxc3 Nxc3 20. Bb2 Ne4 21. Rad1 Re8 22. g4 Rg8 23. g5 Be7 24. g6 hxg6 25. fxg6 Bf6 26. Bxf6 Nxf6 27. Rfe1 Rh8 28. Kg3 Rh6 29. Nh4 Ne4+ 30. Kg4 Nf2+ 31. Kg5 Reh8 32. Nf5 Rh5+ 33. Kf4 Nh3+ 34. Ke4 Re8+ 35. Kf3 Rxf5+ 36. Kg4 Rg5+ 0-1

[Event "Mecklenburg VP-ch Seniors op 09th"]
[Site "Binz"]
[Date "2009.12.02"]
[Round "2.2"]
[White "Lieb, Harald"]
[Black "Peleikis, Horst"]
[Result "1-0"]
[WhiteElo "2175"]
[BlackElo "1858"]
[PlyCount "57"]
[EventDate "2009.12.01"]
[EventType "swiss"]
[EventRounds "9"]
[EventCountry "GER"]
[SourceTitle "EXT 2022"]
[Source "ChessBase"]
[SourceDate "2021.10.06"]
[SourceVersion "1"]
[SourceVersionDate "2021.10.06"]
[SourceQuality "1"]

1. d4 Nf6 2. c4 g6 3. Nc3 Bg7 4. e4 d6 5. Be2 0-0 6. Bg5 h6 7. Be3 Nbd7 8. Qd2 Kh7 9. h4 c5 10. h5 Ng8 11. hxg6+ fxg6 12. Nf3 Rxf3 13. Bxf3 cxd4 14. Bxd4 Ne5 15. Be2 Be6 16. f4 Nc6 17. Bxg7 Kxg7 18. g4 Bf7 19. 0-0-0 Qa5 20. Kb1 e5 21. g5 hxg5 22. fxg5 Nd4 23. Rdf1 Be6 24. Qe1 Nxe2 25. Qxe2 Qd8 26. Qh2 Bf5 27. Qh7+ Kf8 28. exf5 Qxg5 29. fxg6+ 1-0

[Event "BL2-Nord 0910"]
[Site "Germany"]
[Date "2009.11.15"]
[Round "2.8"]
[White "Lieb, Harald"]
[Black "Wilms, Ingo"]
[Result "1/2-1/2"]
[WhiteElo "2246"]
[BlackElo "2173"]
[PlyCount "99"]
[EventDate "2009.10.18"]
[EventType "team-tourn"]
[EventRounds "9"]
[EventCountry "GER"]
[SourceTitle "EXT 2011"]
[Source "ChessBase"]
[SourceDate "2010.11.26"]
[SourceVersion "1"]
[SourceVersionDate "2010.11.26"]
[SourceQuality "1"]
[WhiteTeam "Zehlendorf"]
[BlackTeam "Koenigsspringer"]
[WhiteTeamCountry "GER"]
[BlackTeamCountry "GER"]

1. d4 Nf6 2. c4 e6 3. Nf3 d5 4. g3 Bb4+ 5. Bd2 Be7 6. Bg2 c6 7. Qc2 0-0 8. 0-0 Nbd7 9. Nc3 b6 10. cxd5 cxd5 11. Rac1 Bb7 12. Bf4 Nh5 13. Qd2 Nxf4 14. gxf4 Nf6 15. Ne5 Ne8 16. Bh3 Nd6 17. Qd3 f5 18. Bg2 Qe8 19. Rc2 Qh5 20. Qf3 Qxf3 21. Bxf3 Rac8 22. Rfc1 Bf6 23. Nb1 Rxc2 24. Rxc2 Rc8 25. Rxc8+ Bxc8 26. e3 Ba6 27. Nc3 h6 28. Nc6 Nc8 29. Nb4 Bb7 30. Be2 Kf7 31. Bb5 Ke7 32. Kf1 g5 33. Ne2 a5 34. Nd3 Nd6 35. Ba4 Ba6 36. Ne5 Nc4 37. Nxc4 Bxc4 38. fxg5 hxg5 39. a3 e5 40. Bc2 exd4 41. exd4 Bxd4 42. b3 Bxe2+ 43. Kxe2 Ke6 44. h3 Ke5 45. Bd3 Bc5 46. a4 f4 47. Bg6 Kd4 48. Bf7 Bb4 49. Bg8 Bc3 50. f3 1/2-1/2

[Event "BL2-Nord 0910"]
[Site "Germany"]
[Date "2009.10.18"]
[Round "1.8"]
[White "Nogly, Christoph"]
[Black "Lieb, Harald"]
[Result "1-0"]
[WhiteElo "2263"]
[BlackElo "2246"]
[PlyCount "91"]
[EventDate "2009.10.18"]
[EventType "team-tourn"]
[EventRounds "9"]
[EventCountry "GER"]
[SourceTitle "EXT 2011"]
[Source "ChessBase"]
[SourceDate "2010.11.26"]
[SourceVersion "1"]
[SourceVersionDate "2010.11.26"]
[SourceQuality "1"]
[WhiteTeam "Schachfreunde"]
[BlackTeam "Zehlendorf"]
[WhiteTeamCountry "GER"]
[BlackTeamCountry "GER"]

1. d4 d5 2. Nf3 Nf6 3. c4 c6 4. Nc3 dxc4 5. a4 Bf5 6. e3 e6 7. a5 Nbd7 8. Bxc4 Be7 9. 0-0 0-0 10. Re1 b5 11. axb6 Nxb6 12. Ba6 Qc7 13. Ne5 Nbd5 14. Qa4 Nb4 15. e4 Bg6 16. Bf4 Qb6 17. Nc4 Qxa6 18. Qxa6 Nxa6 19. Rxa6 Bb4 20. f3 Rfd8 21. Be3 Rdc8 22. Rea1 Rc7 23. Nb6 Rb8 24. Bf4 Rcb7 25. Bxb8 Rxb8 26. Nc4 Rd8 27. Rxc6 Ne8 28. Rxa7 f6 29. Ne2 e5 30. Rb7 Bf8 31. d5 f5 32. Nc3 fxe4 33. fxe4 Nf6 34. Nd2 Nd7 35. b4 Nf6 36. h3 Ra8 37. g4 h6 38. Kf1 Ra1+ 39. Ke2 Rh1 40. Rc8 Rh2+ 41. Kd1 Rh1+ 42. Kc2 Rh2 43. Kc1 Rf2 44. d6 Bf7 45. Rbb8 Nd7 46. Rxf8+ 1-0

[Event "GER-ch Seniors 21st"]
[Site "Dresden"]
[Date "2009.08.10"]
[Round "9"]
[White "Clemens, Christian"]
[Black "Lieb, Harald"]
[Result "1/2-1/2"]
[WhiteElo "2290"]
[BlackElo "2229"]
[PlyCount "29"]
[EventDate "2009.08.03"]
[EventType "swiss"]
[EventRounds "9"]
[EventCountry "GER"]
[SourceTitle "CBM 131 Extra"]
[Source "ChessBase"]
[SourceDate "2009.09.03"]
[SourceVersion "2"]
[SourceVersionDate "2009.09.16"]
[SourceQuality "1"]

1. g3 d5 2. Nf3 Nf6 3. Bg2 c6 4. b3 Bf5 5. Bb2 e6 6. d3 h6 7. Nbd2 Nbd7 8. 0-0 Bd6 9. c4 e5 10. Nh4 Bh7 11. e4 d4 12. a3 a5 13. Qc2 Qc7 14. Rae1 0-0 15. Bh3 1/2-1/2

[Event "GER-ch Seniors 21st"]
[Site "Dresden"]
[Date "2009.08.04"]
[Round "3"]
[White "Lieb, Harald"]
[Black "Wuensch, Ulrich"]
[Result "1/2-1/2"]
[WhiteElo "2229"]
[BlackElo "2072"]
[PlyCount "91"]
[EventDate "2009.08.03"]
[EventType "swiss"]
[EventRounds "9"]
[EventCountry "GER"]
[SourceTitle "CBM 131 Extra"]
[Source "ChessBase"]
[SourceDate "2009.09.03"]
[SourceVersion "2"]
[SourceVersionDate "2009.09.16"]
[SourceQuality "1"]

1. Nf3 Nf6 2. d4 e6 3. g3 b6 4. Bg2 Bb7 5. 0-0 Be7 6. c4 0-0 7. Nc3 d5 8. cxd5 Nxd5 9. Re1 Nxc3 10. bxc3 c5 11. e4 cxd4 12. cxd4 Na6 13. Bb2 Rc8 14. a3 Rc7 15. Rc1 Rxc1 16. Qxc1 Qd6 17. Qd2 Rd8 18. Qe2 Nc7 19. Ne5 Ne8 20. Qh5 g6 21. Qf3 f6 22. Nc4 Qc6 23. Ne3 Qb5 24. Ba1 Qa5 25. Rd1 Qxa3 26. d5 e5 27. Bh3 Bc8 28. Bxc8 Rxc8 29. Qg4 Rc1 30. Rxc1 Qxc1+ 31. Qd1 Qxd1+ 32. Nxd1 Bc5 33. Kf1 Nd6 34. f3 Kf7 35. Ke2 Ke7 36. Kd3 b5 37. f4 exf4 38. gxf4 Bg1 39. e5 fxe5 40. fxe5 Nc4 41. h3 Bh2 42. Ke4 Nd2+ 43. Kd3 Nc4 44. Ke4 Nd2+ 45. Ke3 Nc4+ 46. Ke4 1/2-1/2

[Event "EU-chT Seniors 11th"]
[Site "Velden"]
[Date "2009.04.11"]
[Round "7"]
[White "Klundt, Klaus"]
[Black "Lieb, Harald"]
[Result "1/2-1/2"]
[WhiteElo "2347"]
[BlackElo "2247"]
[PlyCount "41"]
[EventDate "2009.04.05"]
[EventType "team-swiss"]
[EventRounds "9"]
[EventCountry "AUT"]
[SourceTitle "CBM 129 Extra"]
[Source "ChessBase"]
[SourceDate "2009.05.05"]
[SourceVersion "2"]
[SourceVersionDate "2009.05.20"]
[SourceQuality "1"]

1. e4 e6 2. d4 d5 3. Nd2 Nf6 4. e5 Nfd7 5. f4 c5 6. c3 Nc6 7. Ndf3 Nb6 8. Bd3 a5 9. Ne2 cxd4 10. cxd4 Bd7 11. Nc3 a4 12. a3 Na5 13. Bc2 Nac4 14. 0-0 g6 15. g4 Qc8 16. Qe1 Be7 17. Bd3 h5 18. h3 hxg4 19. hxg4 Qc6 20. Kg2 0-0-0 21. Qe2 1/2-1/2

[Event "EU-chT Seniors 11th"]
[Site "Velden"]
[Date "2009.04.10"]
[Round "6"]
[White "Lieb, Harald"]
[Black "Stull, Norbert"]
[Result "0-1"]
[WhiteElo "2247"]
[BlackElo "2164"]
[PlyCount "68"]
[EventDate "2009.04.05"]
[EventType "team-swiss"]
[EventRounds "9"]
[EventCountry "AUT"]
[SourceTitle "CBM 129 Extra"]
[Source "ChessBase"]
[SourceDate "2009.05.05"]
[SourceVersion "2"]
[SourceVersionDate "2009.05.20"]
[SourceQuality "1"]

1. d4 Nf6 2. Nf3 g6 3. c4 Bg7 4. Nc3 0-0 5. e4 d6 6. Be2 e5 7. 0-0 Nc6 8. d5 Ne7 9. Ne1 Nd7 10. Be3 f5 11. f3 f4 12. Bf2 g5 13. Nd3 Ng6 14. c5 Nf6 15. Rc1 a6 16. cxd6 cxd6 17. Na4 g4 18. Bb6 Qe8 19. Bc7 g3 20. Nb6 gxh2+ 21. Kxh2 Nh4 22. Rh1 Qg6 23. Bf1 Nxe4 24. Kg1 Nxf3+ 25. Qxf3 Bg4 26. Qxe4 Qxe4 27. Nf2 Qg6 28. Nxa8 Rxa8 29. Nxg4 Qxg4 30. Bd3 h6 31. Bxd6 f3 32. Bf1 Qd4+ 33. Kh2 Qh4+ 34. Kg1 f2# 0-1

[Event "EU-chT Seniors 11th"]
[Site "Velden"]
[Date "2009.04.07"]
[Round "3"]
[White "Wittmann, Walter"]
[Black "Lieb, Harald"]
[Result "1-0"]
[WhiteElo "2272"]
[BlackElo "2247"]
[PlyCount "87"]
[EventDate "2009.04.05"]
[EventType "team-swiss"]
[EventRounds "9"]
[EventCountry "AUT"]
[SourceTitle "CBM 129 Extra"]
[Source "ChessBase"]
[SourceDate "2009.05.05"]
[SourceVersion "2"]
[SourceVersionDate "2009.05.20"]
[SourceQuality "1"]

1. e4 e6 2. d4 d5 3. Nd2 Nf6 4. e5 Nfd7 5. Bd3 c5 6. c3 Nc6 7. Ne2 cxd4 8. cxd4 Nb6 9. 0-0 Bd7 10. Nf3 Be7 11. a3 a5 12. Nc3 a4 13. Bc2 h5 14. h3 g5 15. Nh2 Qc8 16. Rb1 f5 17. exf6 Bxf6 18. Bg6+ Kd8 19. Bxh5 Rg8 20. Nf3 Nc4 21. Re1 Ne7 22. Bg4 Ra6 23. Na2 Rb6 24. Nb4 Nc6 25. Bd2 Nxd2 26. Nxc6+ Rxc6 27. Qxd2 Rc2 28. Qe3 Qc7 29. Qd3 Rc6 30. Qh7 Rg7 31. Qd3 Qb6 32. Qd2 Bc8 33. Ne5 Rcc7 34. Re3 Rce7 35. Rbe1 Rg8 36. Rf3 Bh8 37. Nf7+ Rxf7 38. Rxf7 Bxd4 39. Rd1 Be5 40. Rb1 Bd7 41. Qe2 Qd4 42. Re1 Qe4 43. Qxe4 dxe4 44. Rd1 1-0

[Event "EU-chT Seniors 11th"]
[Site "Velden"]
[Date "2009.04.06"]
[Round "2"]
[White "Lieb, Harald"]
[Black "Lehtosaari, Kalevi"]
[Result "1-0"]
[WhiteElo "2247"]
[BlackElo "2031"]
[PlyCount "51"]
[EventDate "2009.04.05"]
[EventType "team-swiss"]
[EventRounds "9"]
[EventCountry "AUT"]
[SourceTitle "CBM 129 Extra"]
[Source "ChessBase"]
[SourceDate "2009.05.05"]
[SourceVersion "2"]
[SourceVersionDate "2009.05.20"]
[SourceQuality "1"]

1. d4 d5 2. Nf3 g6 3. c4 c6 4. Nc3 Bg7 5. Bf4 Nf6 6. e3 0-0 7. h3 Nbd7 8. cxd5 Nxd5 9. Nxd5 cxd5 10. Bd3 f6 11. 0-0 Qb6 12. Bc2 e5 13. dxe5 Nxe5 14. Bb3 Kh8 15. Nd4 g5 16. Bg3 Nc4 17. Qe2 Re8 18. Bxc4 dxc4 19. Qxc4 Qxb2 20. Rab1 Qa3 21. Nb5 Qa6 22. Qb4 Bf8 23. Qb2 Bf5 24. Nc7 Qa5 25. Qxf6+ Bg7 26. Qxg5 1-0